000 00576cam a22002171 4500
001 sg 45000254
003 DLC
005 20260227112746.0
008 810725s1945 xx 000 0 eng
010 _asg 45000254
035 _a(OCoLC)14743244
040 _aDLC
_cDNLM
_dDLC
042 _apremarc
050 0 0 _aRS99
_b.C6
060 0 _aQV 11
_bC697e 1945
100 1 _aColle, Henry.
245 1 0 _aElementary principles of sociological pharmacy.
_cBy Henry Colle ...
260 _a[San Francisco?]
_cc1945.
300 _a5 p. l., 35 numb. l.
500 _aType-written.
999 _c90655
_d90655